000 01831nam a2200301Ia 4500
999 _c54993
_d54993
001 22064
003 GE_BSU
005 20221010161411.0
008 181216s ||||ge |||||||||||||| ||geo||
020 _a9789941131363
040 _cGE_BSU
041 _ageo
080 _a821.353.1.09:7 კ-49
100 _aკიკნაძე, გრიგოლ
_915204
245 _aთხზულებანი 5 ტომად :
_b ტ. 5 /
_cგრიგოლ კიკნაძე ; რედ. ინეზა კიკნაძე ; სარედ. კოლ. : ნიკო ბერძენიშვილი და სხვ.
264 _aთბილისი :
_bთბილ. უნ-ტის გამ-ბა,
_c2009.
300 _a308 გვ. ;
_c20 სმ.
541 _h10ლ.
653 _aვაჟა-ფშაველა
653 _aქართული ლიტერატურის ისტორია და კრიტიკა
653 _aხელოვნება
653 _aთხზულებანი 5 ტომად
653 _aლიტერატურული პრობლემები ხელოვნების სამყაროში -- რეცენზიები, შენიშვნები და შთაბეჭდილებები - სხვადასხვა
653 _aქართული ლიტერატურა
700 _aკიკნაძე, ინეზა
_eრედაქტორი
_915205
710 _aთსუ
_bახალი ქართული ლიტერატურის ისტორიის კათედრა
_eვაჟას კაბინეტი, ილიას კაბინეტი, აკაკის კაბინეტი
_915206
942 _cBK
_2udc